000 00731nam a22001937a 4500
003 OSt
005 20240612141444.0
008 240612b ||||| |||| 00| 0 eng d
040 _cAIMIT LIBRARY
100 _aS Harshitha.
_e2116059
_9170255
245 _aComparative analysis of financial performance of seafood companies of India /
_cBy Harshitha S ; Guided by Nagendra S.
260 _aUdupi ;
_c2023.
650 _aIndustry and company profile
_9170256
650 _aLiterature review and objectives of the study
_9170257
650 _aData analysis and interpretation
_9170258
700 _aS Nagendra.
_eGuide
_9170259
856 _3Raj fishmeal and oil company
_uwww.rajfishmeal.com
_ywww.rajfishmeal.com
942 _2ddc
_cPRO
999 _c231138
_d231138